[Event "Winnipeg TNT June op"]
[Site "Winnipeg CAN"]
[Date "2005.06.07"]
[Round "1"]
[White "Evans, Brian"]
[Black "Khedkar, Jay S"]
[Result "1/2-1/2"]
[WhiteElo "1271"]
[BlackElo "1904"]
[PlyCount "132"]
[GameId "2160767910968027"]
[EventDate "2005.06.07"]
[EventType "swiss"]
[EventRounds "4"]
[EventCountry "CAN"]
[SourceTitle "EXT 2007"]
[Source "ChessBase"]
[SourceDate "2006.11.23"]
[SourceVersion "1"]
[SourceVersionDate "2006.11.23"]
[SourceQuality "1"]

1. e4 c5 2. Nf3 Nc6 3. d4 cxd4 4. Nxd4 Nf6 5. Nc3 e6 6. Nxc6 bxc6 7. Qd4 e5 8. Qxe5+ Be7 9. Bd3 O-O 10. O-O d6 11. Qd4 Ng4 12. Qc4 Ne5 13. Qa4 Qb6 14. b3 Bf6 15. Bb2 Qc5 16. Ne2 Nf3+ 17. gxf3 Bxb2 18. Rab1 Bh3 19. Rfd1 Qg5+ 20. Ng3 Be5 21. Bf1 Bd7 22. Qa5 Qf4 23. Bg2 h5 24. Qd2 Qh4 25. c4 Bf4 26. Qd3 Rad8 27. Qd4 Qg5 28. Ne2 Be5 29. Qe3 Qe7 30. f4 Bf6 31. Qxa7 Ra8 32. Qe3 Rxa2 33. Bf3 g6 34. Qd3 Bg4 35. Bxg4 hxg4 36. Nc1 Ra5 37. b4 Rh5 38. Ne2 Rd8 39. Ng3 Rh3 40. Qe2 Rh4 41. Rd3 Qe6 42. Qc2 Kg7 43. Rbd1 Be7 44. c5 d5 45. exd5 Rxd5 46. Rxd5 cxd5 47. Qd3 Qf6 48. Qd4 Rh8 49. Qxf6+ Bxf6 50. Rxd5 Rb8 51. c6 Rxb4 52. Rc5 Rb8 53. c7 Rc8 54. Ne4 Be7 55. Rc6 Kf8 56. Nc3 Ke8 57. Nd5 Kd7 58. Nb6+ Kxc6 59. Nxc8 Bc5 60. Nd6 Kxc7 61. Nxf7 Bd6 62. Nh8 Bxf4 63. Nxg6 Bd6 64. Kg2 Kd7 65. f3 gxf3+ 66. Kxf3 Bxh2 1/2-1/2

[Event "Winnipeg TNT June op"]
[Site "Winnipeg CAN"]
[Date "2005.06.07"]
[Round "1"]
[White "Evans, Rick"]
[Black "Gibson, Fred"]
[Result "1-0"]
[WhiteElo "1867"]
[BlackElo "1218"]
[PlyCount "45"]
[GameId "2160767910968028"]
[EventDate "2005.06.07"]
[EventType "swiss"]
[EventRounds "4"]
[EventCountry "CAN"]
[SourceTitle "EXT 2007"]
[Source "ChessBase"]
[SourceDate "2006.11.23"]
[SourceVersion "1"]
[SourceVersionDate "2006.11.23"]
[SourceQuality "1"]

1. d4 d5 2. c4 c6 3. Nf3 Nf6 4. Nc3 g6 5. Bf4 Bg7 6. e3 Bf5 7. Qb3 Qb6 8. cxd5 cxd5 9. Bb5+ Bd7 10. Rc1 O-O 11. O-O e6 12. Ne5 Nc6 13. Na4 Na5 14. Nxd7 Nxd7 15. Nxb6 Nxb3 16. Nxa8 Nxc1 17. Rxc1 Rxa8 18. Bxd7 Rd8 19. Rc8 Rxc8 20. Bxc8 h6 21. Bxb7 Kf8 22. Bb8 a5 23. Bc7 1-0

[Event "Winnipeg TNT June op"]
[Site "Winnipeg CAN"]
[Date "2005.06.07"]
[Round "1"]
[White "Gibbons, Michael"]
[Black "Rumpel, Chris"]
[Result "1-0"]
[WhiteElo "2008"]
[BlackElo "1478"]
[PlyCount "63"]
[GameId "2160767910968029"]
[EventDate "2005.06.07"]
[EventType "swiss"]
[EventRounds "4"]
[EventCountry "CAN"]
[SourceTitle "EXT 2007"]
[Source "ChessBase"]
[SourceDate "2006.11.23"]
[SourceVersion "1"]
[SourceVersionDate "2006.11.23"]
[SourceQuality "1"]

1. Nf3 Nf6 2. b3 g6 3. Bb2 Bg7 4. c4 d6 5. Nc3 O-O 6. e3 e5 7. Be2 c6 8. d4 e4 9. Nd2 d5 10. Rc1 Nbd7 11. Qc2 h5 12. cxd5 cxd5 13. Ba3 Re8 14. Nb5 Nb6 15. Nc7 Re6 16. Nxe6 Bxe6 17. Qc7 Qxc7 18. Rxc7 Ne8 19. Rc2 f5 20. O-O a6 21. Rfc1 Bf6 22. Bc5 Bd8 23. Nb1 Kf7 24. Bxb6 Bxb6 25. Nc3 Bd7 26. Nxd5 Bd8 27. Bc4 Kg7 28. Nf4 Be7 29. Be6 Bxe6 30. Nxe6+ Kf6 31. Nc7 Nxc7 32. Rxc7 1-0

[Event "Winnipeg TNT June op"]
[Site "Winnipeg CAN"]
[Date "2005.06.07"]
[Round "1"]
[White "Lauritson, Jim"]
[Black "Gibbons, Lorne"]
[Result "1-0"]
[WhiteElo "1921"]
[BlackElo "1287"]
[PlyCount "29"]
[GameId "2160767910968030"]
[EventDate "2005.06.07"]
[EventType "swiss"]
[EventRounds "4"]
[EventCountry "CAN"]
[SourceTitle "EXT 2007"]
[Source "ChessBase"]
[SourceDate "2006.11.23"]
[SourceVersion "1"]
[SourceVersionDate "2006.11.23"]
[SourceQuality "1"]

1. e4 e5 2. Nf3 Nc6 3. Bb5 Nge7 4. c3 a6 5. Ba4 b5 6. Bb3 Bb7 7. d4 exd4 8. cxd4 Na5 9. Bc2 Nc4 10. b3 Nd6 11. Qe2 f6 12. e5 fxe5 13. Nxe5 Ndf5 14. Bxf5 Nxf5 15. Nc6+ 1-0

[Event "Winnipeg TNT June op"]
[Site "Winnipeg CAN"]
[Date "2005.06.07"]
[Round "1"]
[White "Nikouline, Alexandre"]
[Black "Reimer, Bruce"]
[Result "1-0"]
[WhiteElo "1955"]
[BlackElo "1464"]
[PlyCount "47"]
[GameId "2160767910968031"]
[EventDate "2005.06.07"]
[EventType "swiss"]
[EventRounds "4"]
[EventCountry "CAN"]
[SourceTitle "EXT 2007"]
[Source "ChessBase"]
[SourceDate "2006.11.23"]
[SourceVersion "1"]
[SourceVersionDate "2006.11.23"]
[SourceQuality "1"]

1. e4 Nf6 2. e5 Nd5 3. d4 d6 4. Nf3 Bg4 5. Be2 e6 6. O-O Be7 7. c4 Nb6 8. Nc3 O-O 9. b3 d5 10. c5 N6d7 11. h3 Bh5 12. Nh2 Bxe2 13. Qxe2 Bg5 14. f4 Be7 15. f5 exf5 16. Rxf5 c6 17. Qg4 g6 18. Bh6 Re8 19. Raf1 Bf8 20. Bxf8 Rxf8 21. Nf3 Kg7 22. Ng5 gxf5 23. Ne6+ Kh8 24. Qg7# 1-0

[Event "Winnipeg TNT June op"]
[Site "Winnipeg CAN"]
[Date "2005.06.07"]
[Round "1"]
[White "Oberton, Daniel"]
[Black "Schulz, Waldemar"]
[Result "0-1"]
[WhiteElo "1574"]
[BlackElo "2029"]
[PlyCount "98"]
[GameId "2160767910968032"]
[EventDate "2005.06.07"]
[EventType "swiss"]
[EventRounds "4"]
[EventCountry "CAN"]
[SourceTitle "EXT 2007"]
[Source "ChessBase"]
[SourceDate "2006.11.23"]
[SourceVersion "1"]
[SourceVersionDate "2006.11.23"]
[SourceQuality "1"]

1. e4 c5 2. d4 cxd4 3. c3 Nf6 4. e5 Nd5 5. cxd4 e6 6. Nf3 Nc6 7. Bc4 Nb6 8. Bb3 d6 9. O-O Be7 10. Nc3 O-O 11. Be3 dxe5 12. Nxe5 Nd5 13. Nxc6 bxc6 14. Rc1 Ba6 15. Re1 Nxe3 16. fxe3 c5 17. d5 c4 18. Ba4 Rb8 19. b3 Bb4 20. e4 Qa5 21. Qf3 exd5 22. exd5 Rbc8 23. Bc6 cxb3 24. axb3 Bb7 25. Bxb7 Qb6+ 26. Kh1 Qxb7 27. Red1 Ba3 28. Rb1 Rfd8 29. Qd3 Rd7 30. Re1 Bb4 31. Rbc1 Rcd8 32. Qe3 h6 33. Red1 a5 34. Qf3 Bxc3 35. Qxc3 Rxd5 36. Rxd5 Qxd5 37. h3 Rb8 38. Qc4 Qb7 39. Qc7 Qxc7 40. Rxc7 Rxb3 41. Ra7 Rb5 42. Kh2 h5 43. Kg3 g5 44. Kf3 Kg7 45. Ra6 f6 46. Ra7+ Kg6 47. Ra6 Kf5 48. g4+ hxg4+ 49. hxg4+ Ke5 0-1

[Event "Winnipeg TNT June op"]
[Site "Winnipeg CAN"]
[Date "2005.06.14"]
[Round "2"]
[White "Gibson, Fred"]
[Black "Anderson, George"]
[Result "0-1"]
[WhiteElo "1218"]
[BlackElo "1477"]
[PlyCount "82"]
[GameId "2160767910968033"]
[EventDate "2005.06.07"]
[EventType "swiss"]
[EventRounds "4"]
[EventCountry "CAN"]
[SourceTitle "EXT 2007"]
[Source "ChessBase"]
[SourceDate "2006.11.23"]
[SourceVersion "1"]
[SourceVersionDate "2006.11.23"]
[SourceQuality "1"]

1. d4 f5 2. c4 g6 3. Nc3 Nf6 4. Nf3 Bg7 5. e3 d6 6. Be2 O-O 7. O-O e5 8. dxe5 Ne4 9. Nxe4 fxe4 10. Qd5+ Kh8 11. Qxe4 Bf5 12. Qxb7 Nd7 13. exd6 cxd6 14. a4 Nc5 15. Qd5 Be4 16. Qg5 Qe8 17. Nd4 h6 18. Qh4 h5 19. Bf3 Bf6 20. Qf4 Be5 21. Qh6+ Kg8 22. Bxe4 Nxe4 23. Nf3 Rb8 24. Ng5 Nxg5 25. Qxg5 Rf5 26. Qh4 g5 27. Qxg5+ Rxg5 28. f4 Rf5 29. fxe5 Rxf1+ 30. Kxf1 Qxe5 31. g3 Qe4 32. Ra3 Qh1+ 33. Ke2 Qxc1 34. Rd3 Rxb2+ 35. Kf3 Qf1+ 36. Ke4 Rb4 37. Rxd6 Rxc4+ 38. Ke5 Rxa4 39. Rd8+ Kf7 40. Rd7+ Ke8 41. Ke6 Re4+ 0-1

[Event "Winnipeg TNT June op"]
[Site "Winnipeg CAN"]
[Date "2005.06.14"]
[Round "2"]
[White "Khedkar, Jay S"]
[Black "Cheyne, Andrew"]
[Result "1-0"]
[WhiteElo "1904"]
[BlackElo "1394"]
[PlyCount "57"]
[GameId "2160767910968034"]
[EventDate "2005.06.07"]
[EventType "swiss"]
[EventRounds "4"]
[EventCountry "CAN"]
[SourceTitle "EXT 2007"]
[Source "ChessBase"]
[SourceDate "2006.11.23"]
[SourceVersion "1"]
[SourceVersionDate "2006.11.23"]
[SourceQuality "1"]

1. e4 e5 2. Nf3 Nc6 3. Bb5 a6 4. Ba4 Nf6 5. O-O b5 6. Bb3 Be7 7. Re1 d6 8. c3 O-O 9. h3 Bb7 10. d4 Nd7 11. Nbd2 Bf6 12. Nf1 Re8 13. Ng3 g6 14. a4 Na5 15. Bc2 exd4 16. cxd4 Nc6 17. Be3 d5 18. e5 Bg7 19. Qd2 Ne7 20. Bh6 c5 21. Bxg7 Kxg7 22. Qg5 Ng8 23. Nf5+ Kh8 24. Nd6 Qxg5 25. Nxg5 Bc6 26. Nxe8 Rxe8 27. Nxf7+ Kg7 28. Nd6 Re7 29. axb5 1-0

[Event "Winnipeg TNT June op"]
[Site "Winnipeg CAN"]
[Date "2005.06.14"]
[Round "2"]
[White "Lafreniere, Adrian"]
[Black "Reimer, Bruce"]
[Result "1-0"]
[WhiteElo "1711"]
[BlackElo "1464"]
[PlyCount "33"]
[GameId "2160767910968035"]
[EventDate "2005.06.07"]
[EventType "swiss"]
[EventRounds "4"]
[EventCountry "CAN"]
[SourceTitle "EXT 2007"]
[Source "ChessBase"]
[SourceDate "2006.11.23"]
[SourceVersion "1"]
[SourceVersionDate "2006.11.23"]
[SourceQuality "1"]

1. e4 Nf6 2. d3 e5 3. f4 d6 4. f5 Nc6 5. Nf3 Bd7 6. Be2 g6 7. fxg6 fxg6 8. O-O Bg7 9. Be3 Qe7 10. Nc3 O-O-O 11. Bg5 h6 12. Nd5 Qf7 13. Bxf6 Bxf6 14. Nd2 Qe6 15. Rxf6 Qg8 16. Bg4 Nd4 17. Ne7+ 1-0

[Event "Winnipeg TNT June op"]
[Site "Winnipeg CAN"]
[Date "2005.06.14"]
[Round "2"]
[White "Nikouline, Alexandre"]
[Black "Babb, Jeff"]
[Result "1/2-1/2"]
[WhiteElo "1955"]
[BlackElo "2151"]
[PlyCount "135"]
[GameId "2160767910968036"]
[EventDate "2005.06.07"]
[EventType "swiss"]
[EventRounds "4"]
[EventCountry "CAN"]
[SourceTitle "EXT 2007"]
[Source "ChessBase"]
[SourceDate "2006.11.23"]
[SourceVersion "1"]
[SourceVersionDate "2006.11.23"]
[SourceQuality "1"]

1. e4 e5 2. Nf3 Nc6 3. Bb5 a6 4. Ba4 Nf6 5. O-O Nxe4 6. d4 b5 7. Bb3 d5 8. dxe5 Be6 9. c3 Bc5 10. Nbd2 O-O 11. Bc2 Bf5 12. Nb3 Bg4 13. Bxe4 dxe4 14. Qxd8 Rfxd8 15. Nxc5 exf3 16. h3 Bf5 17. g4 Rd5 18. b4 Bg6 19. Bf4 Nxe5 20. Bxe5 Rxe5 21. Rfe1 Rae8 22. Rxe5 Rxe5 23. Rd1 h5 24. Nxa6 hxg4 25. hxg4 Rg5 26. Nxc7 Rxg4+ 27. Kf1 Rh4 28. Rd8+ Kh7 29. Ke1 Re4+ 30. Kd1 Re2 31. Rd2 Re5 32. Rd5 Re2 33. Rd2 Re5 34. a4 bxa4 35. b5 Rc5 36. b6 Rxc3 37. Rb2 a3 38. Rb5 a2 39. Ra5 Rb3 40. Rxa2 Rxb6 41. Nd5 Rb1+ 42. Kd2 Rf1 43. Ke3 Re1+ 44. Kf4 f6 45. Ra7 Kh6 46. Ne3 Bd3 47. Kxf3 g5 48. Ra2 f5 49. Ng2 Rg1 50. Kg3 Bf1 51. f3 Kh5 52. Kh2 Rxg2+ 53. Rxg2 Bxg2 54. Kxg2 Kh4 55. Kh2 Kh5 56. Kg3 Kg6 57. Kg2 Kf6 58. Kf2 Ke5 59. Ke3 g4 60. fxg4 fxg4 61. Kf2 Kf4 62. Kg2 Kf5 63. Kg3 Kg5 64. Kg2 Kf4 65. Kf2 g3+ 66. Kg2 Kg4 67. Kg1 Kf3 68. Kf1 1/2-1/2

[Event "Winnipeg TNT June op"]
[Site "Winnipeg CAN"]
[Date "2005.06.14"]
[Round "2"]
[White "Schulz, Waldemar"]
[Black "Lauritson, Jim"]
[Result "1-0"]
[WhiteElo "2029"]
[BlackElo "1921"]
[PlyCount "117"]
[GameId "2160767910968038"]
[EventDate "2005.06.07"]
[EventType "swiss"]
[EventRounds "4"]
[EventCountry "CAN"]
[SourceTitle "EXT 2007"]
[Source "ChessBase"]
[SourceDate "2006.11.23"]
[SourceVersion "1"]
[SourceVersionDate "2006.11.23"]
[SourceQuality "1"]

1. Nf3 Nf6 2. c4 e6 3. Nc3 Bb4 4. g3 b6 5. Bg2 Bb7 6. O-O O-O 7. d4 Bxc3 8. bxc3 c5 9. Bg5 h6 10. Bxf6 Qxf6 11. Qd3 d6 12. e4 Nc6 13. d5 Na5 14. Rfe1 Ba6 15. e5 dxe5 16. Nxe5 Rad8 17. Rad1 Rd6 18. Qe4 Rfd8 19. Qg4 Qg5 20. dxe6 Qxg4 21. exf7+ Kf8 22. Rxd6 Rxd6 23. Nxg4 Bxc4 24. a3 Bxf7 25. Ne5 Nc4 26. Nxf7 Kxf7 27. a4 Kf8 28. Bf1 Na5 29. Bb5 Rd2 30. Re8+ Kf7 31. Ra8 Rc2 32. Rxa7+ Kf8 33. Ra8+ Kf7 34. Rb8 Rxc3 35. Rxb6 c4 36. Ra6 Nb3 37. Rc6 Na5 38. Rc5 Kf6 39. Ba6 Rc1+ 40. Kg2 Nb3 41. Rxc4 Ra1 42. Bb5 Na5 43. Rc2 Ra3 44. f4 Ra1 45. Kf3 Nb3 46. Ke3 Na5 47. Kd4 Nb3+ 48. Kc4 Na5+ 49. Kb4 Nb7 50. Kb3 Na5+ 51. Kb2 Rd1 52. Kc3 Ra1 53. Kd4 Nb3+ 54. Kd5 g5 55. fxg5+ Kxg5 56. Rf2 Kh5 57. Rb2 Na5 58. Kc5 Ra3 59. Kb4 1-0

[Event "Winnipeg TNT June op"]
[Site "Winnipeg CAN"]
[Date "2005.06.14"]
[Round "2"]
[White "Van Wyk, Joseph"]
[Black "Evans, Brian"]
[Result "1-0"]
[WhiteElo "1927"]
[BlackElo "1271"]
[PlyCount "21"]
[GameId "2160767910968039"]
[EventDate "2005.06.07"]
[EventType "swiss"]
[EventRounds "4"]
[EventCountry "CAN"]
[SourceTitle "EXT 2007"]
[Source "ChessBase"]
[SourceDate "2006.11.23"]
[SourceVersion "1"]
[SourceVersionDate "2006.11.23"]
[SourceQuality "1"]

1. e4 e6 2. c4 c5 3. Nc3 Nc6 4. Nf3 Nce7 5. d4 cxd4 6. Nxd4 d5 7. cxd5 exd5 8. exd5 Nxd5 9. Bb5+ Bd7 10. Nxd5 Bxb5 11. Nxb5 1-0

[Event "Winnipeg TNT June op"]
[Site "Winnipeg CAN"]
[Date "2005.06.14"]
[Round "2"]
[White "Zaczek, Jonathon"]
[Black "Evans, Rick"]
[Result "1-0"]
[WhiteElo "1991"]
[BlackElo "1867"]
[PlyCount "83"]
[GameId "2160767910968040"]
[EventDate "2005.06.07"]
[EventType "swiss"]
[EventRounds "4"]
[EventCountry "CAN"]
[SourceTitle "EXT 2007"]
[Source "ChessBase"]
[SourceDate "2006.11.23"]
[SourceVersion "1"]
[SourceVersionDate "2006.11.23"]
[SourceQuality "1"]

1. e4 c6 2. d4 d5 3. exd5 cxd5 4. c4 Nf6 5. Nc3 e6 6. Bg5 Qa5 7. Bd2 Bb4 8. a3 Bxc3 9. Bxc3 Qc7 10. c5 O-O 11. Nf3 Nc6 12. Bd3 b6 13. b4 bxc5 14. bxc5 Ne4 15. Qc2 f5 16. O-O a5 17. Bb5 Ba6 18. Bxc6 Qxc6 19. Ne5 Qc7 20. Rfb1 Rfb8 21. f3 Nxc5 22. Rxb8+ Rxb8 23. Bd2 Rc8 24. Qxc5 Qxc5 25. dxc5 Rxc5 26. Ra2 h6 27. h4 d4 28. f4 g5 29. Nf3 d3 30. hxg5 hxg5 31. Nxg5 Bc4 32. Rb2 Bd5 33. Kf2 Rc4 34. g3 Ra4 35. Rb5 Rxa3 36. Rxa5 Rb3 37. Ra7 Rb1 38. Nh7 Bb7 39. Ng5 Bd5 40. Rc7 Rb8 41. Bc3 Rd8 42. Nh7 1-0

[Event "Winnipeg TNT June op"]
[Site "Winnipeg CAN"]
[Date "2005.06.21"]
[Round "3"]
[White "Babb, Jeff"]
[Black "Van Wyk, Joseph"]
[Result "1-0"]
[WhiteElo "2151"]
[BlackElo "1927"]
[PlyCount "61"]
[GameId "2160767910968041"]
[EventDate "2005.06.07"]
[EventType "swiss"]
[EventRounds "4"]
[EventCountry "CAN"]
[SourceTitle "EXT 2007"]
[Source "ChessBase"]
[SourceDate "2006.11.23"]
[SourceVersion "1"]
[SourceVersionDate "2006.11.23"]
[SourceQuality "1"]

1. e4 d5 2. exd5 Nf6 3. Nc3 Nxd5 4. g3 Nxc3 5. bxc3 Qd5 6. Nf3 e5 7. c4 Qc6 8. Qe2 Be7 9. Bg2 Bg4 10. h3 Bh5 11. g4 Bg6 12. Nh4 Qb6 13. Nxg6 hxg6 14. Qxe5 Nd7 15. Qe3 Nc5 16. O-O c6 17. Ba3 Ne6 18. Bxe7 Kxe7 19. Rab1 Qc7 20. f4 Kf8 21. f5 gxf5 22. gxf5 Nd8 23. Rfe1 Qd7 24. Rb3 f6 25. Qc5+ Kg8 26. Rd3 Qc7 27. Re8+ Kh7 28. Rxh8+ Kxh8 29. Qf8+ Kh7 30. Rd4 Qg3 31. Rg4 1-0

[Event "Winnipeg TNT June op"]
[Site "Winnipeg CAN"]
[Date "2005.06.21"]
[Round "3"]
[White "Cheyne, Andrew"]
[Black "Evans, Brian"]
[Result "0-1"]
[WhiteElo "1394"]
[BlackElo "1271"]
[PlyCount "68"]
[GameId "2160767910968042"]
[EventDate "2005.06.07"]
[EventType "swiss"]
[EventRounds "4"]
[EventCountry "CAN"]
[SourceTitle "EXT 2007"]
[Source "ChessBase"]
[SourceDate "2006.11.23"]
[SourceVersion "1"]
[SourceVersionDate "2006.11.23"]
[SourceQuality "1"]

1. e4 e6 2. d4 d5 3. Nc3 Bb4 4. e5 c5 5. Bd2 cxd4 6. Nb5 Bxd2+ 7. Qxd2 Nc6 8. f4 Qb6 9. Nf3 a6 10. Nd6+ Ke7 11. O-O-O Nh6 12. h3 Nf5 13. Nxf5+ exf5 14. Nxd4 Nxd4 15. Qxd4 Qxd4 16. Rxd4 Be6 17. g3 f6 18. exf6+ Kxf6 19. Bg2 Rhd8 20. Rhd1 Rd6 21. c4 Rc8 22. Kb1 b5 23. cxb5 axb5 24. Bxd5 Rcd8 25. Bxe6 Rxd4 26. Rxd4 Rxd4 27. Bg8 h6 28. Kc2 g5 29. fxg5+ hxg5 30. Kc3 Re4 31. Kd3 Ke5 32. Bh7 Re1 33. Kc3 Re3+ 34. Kb4 Rxg3 0-1

[Event "Winnipeg TNT June op"]
[Site "Winnipeg CAN"]
[Date "2005.06.21"]
[Round "3"]
[White "Evans, Rick"]
[Black "Rumpel, Chris"]
[Result "1-0"]
[WhiteElo "1867"]
[BlackElo "1478"]
[PlyCount "47"]
[GameId "2160767910968043"]
[EventDate "2005.06.07"]
[EventType "swiss"]
[EventRounds "4"]
[EventCountry "CAN"]
[SourceTitle "EXT 2007"]
[Source "ChessBase"]
[SourceDate "2006.11.23"]
[SourceVersion "1"]
[SourceVersionDate "2006.11.23"]
[SourceQuality "1"]

1. d4 Nf6 2. c4 g6 3. Nc3 Bg7 4. e4 d6 5. f3 Nbd7 6. Bg5 h6 7. Be3 O-O 8. Qd2 Kh7 9. Bd3 e5 10. d5 c6 11. Nge2 Nb6 12. g4 Bxg4 13. fxg4 Nxg4 14. O-O-O h5 15. Kb1 Nxe3 16. Qxe3 Bh6 17. Qh3 c5 18. Rdf1 Nd7 19. Rf3 Nf6 20. Rhf1 Kg7 21. Ng3 Nh7 22. Nxh5+ gxh5 23. Qxh5 Ng5 24. Rf6 1-0

[Event "Winnipeg TNT June op"]
[Site "Winnipeg CAN"]
[Date "2005.06.21"]
[Round "3"]
[White "Gibbons, Michael"]
[Black "Nikouline, Alexandre"]
[Result "1-0"]
[WhiteElo "2008"]
[BlackElo "1955"]
[PlyCount "85"]
[GameId "2160767910968044"]
[EventDate "2005.06.07"]
[EventType "swiss"]
[EventRounds "4"]
[EventCountry "CAN"]
[SourceTitle "EXT 2007"]
[Source "ChessBase"]
[SourceDate "2006.11.23"]
[SourceVersion "1"]
[SourceVersionDate "2006.11.23"]
[SourceQuality "1"]

1. Nf3 Nf6 2. d4 e6 3. Bg5 Be7 4. e3 Ne4 5. Bxe7 Qxe7 6. Bd3 f5 7. Nbd2 Nxd2 8. Qxd2 b6 9. Qe2 Bb7 10. c3 Nc6 11. e4 O-O-O 12. O-O-O Qf6 13. Ba6 fxe4 14. Bxb7+ Kxb7 15. Qxe4 Qh6+ 16. Kc2 Rhe8 17. Rhe1 d5 18. Qd3 Qh5 19. h3 e5 20. dxe5 Nxe5 21. Nxe5 Rxe5 22. Rxe5 Qxe5 23. Qxh7 Qe2+ 24. Rd2 Qa6 25. Qh4 Re8 26. Qd4 c6 27. a4 Re4 28. Qxg7+ Ka8 29. b3 b5 30. Qg8+ Kb7 31. Qf7+ Kb6 32. f3 Re1 33. Qf8 bxa4 34. Qb8+ Qb7 35. Qxb7+ Kxb7 36. bxa4 Kb6 37. Rf2 Kc5 38. f4 Ra1 39. Kd3 Rxa4 40. f5 Re4 41. f6 Re8 42. f7 Rf8 43. g4 1-0

[Event "Winnipeg TNT June op"]
[Site "Winnipeg CAN"]
[Date "2005.06.21"]
[Round "3"]
[White "Lauritson, Jim"]
[Black "Khedkar, Jay S"]
[Result "1/2-1/2"]
[WhiteElo "1921"]
[BlackElo "1904"]
[PlyCount "116"]
[GameId "2160767910968045"]
[EventDate "2005.06.07"]
[EventType "swiss"]
[EventRounds "4"]
[EventCountry "CAN"]
[SourceTitle "EXT 2007"]
[Source "ChessBase"]
[SourceDate "2006.11.23"]
[SourceVersion "1"]
[SourceVersionDate "2006.11.23"]
[SourceQuality "1"]

1. e4 d6 2. d4 Nd7 3. f4 e5 4. Nf3 Ngf6 5. Nc3 Be7 6. Bc4 c6 7. dxe5 dxe5 8. fxe5 Ng4 9. Bxf7+ Kxf7 10. e6+ Ke8 11. exd7+ Bxd7 12. Qd4 Qc7 13. e5 Bf5 14. h3 Rd8 15. Qf4 Nh6 16. Be3 Rf8 17. Qg3 Bxc2 18. O-O Nf5 19. Qf2 Bd3 20. Rfd1 Nh4 21. Bxa7 Nxf3+ 22. gxf3 Qxe5 23. Re1 Qg5+ 24. Qg2 Kf7 25. Qxg5 Bxg5 26. Bb6 Rd7 27. Ne4 Bxe4 28. fxe4 Ke6 29. Rad1 Bf4 30. Rxd7 Kxd7 31. Kg2 Be5 32. b3 Ke6 33. Rf1 Rxf1 34. Kxf1 Bb2 35. Ke2 Ke5 36. Kf3 g6 37. Ke3 g5 38. Bc7+ Ke6 39. Kf3 h5 40. Bb8 Bd4 41. Bc7 Be5 42. Bb6 Bf6 43. Bc7 Be7 44. Ba5 Bd6 45. Bd8 Be7 46. Bc7 Bf6 47. Bb8 Bd4 48. Bc7 Kd7 49. Bb8 Bc5 50. Be5 Ke6 51. Bc7 Kf6 52. Bd8+ Kg6 53. Bc7 Bd4 54. Bb8 Kf7 55. Bc7 Ke8 56. Bd6 Kd7 57. Bb8 Bf6 58. Bh2 Ke6 1/2-1/2

[Event "Winnipeg TNT June op"]
[Site "Winnipeg CAN"]
[Date "2005.06.21"]
[Round "3"]
[White "Oberton, Daniel"]
[Black "Lafreniere, Adrian"]
[Result "1-0"]
[WhiteElo "1574"]
[BlackElo "1711"]
[PlyCount "55"]
[GameId "2160767910968046"]
[EventDate "2005.06.07"]
[EventType "swiss"]
[EventRounds "4"]
[EventCountry "CAN"]
[SourceTitle "EXT 2007"]
[Source "ChessBase"]
[SourceDate "2006.11.23"]
[SourceVersion "1"]
[SourceVersionDate "2006.11.23"]
[SourceQuality "1"]

1. e4 e6 2. d4 d5 3. exd5 exd5 4. Nf3 Bd6 5. Nc3 c6 6. Bd3 Ne7 7. h3 h6 8. Ne2 Be6 9. Bf4 Qc7 10. Bxd6 Qxd6 11. c3 Nd7 12. O-O O-O 13. Qc2 g6 14. Rfe1 Bf5 15. Ng3 Bxd3 16. Qxd3 Rae8 17. Re3 Kg7 18. Rae1 Nf6 19. b3 Neg8 20. c4 Rxe3 21. Rxe3 Re8 22. Nh4 Kh7 23. Nf3 Qf4 24. Ne5 Kg7 25. Ne2 Qh4 26. Rg3 Ne4 27. Rf3 f5 28. Nf4 1-0

[Event "Winnipeg TNT June op"]
[Site "Winnipeg CAN"]
[Date "2005.06.21"]
[Round "3"]
[White "Reimer, Bruce"]
[Black "Gibson, Fred"]
[Result "1-0"]
[WhiteElo "1464"]
[BlackElo "1218"]
[PlyCount "49"]
[GameId "2160767910968047"]
[EventDate "2005.06.07"]
[EventType "swiss"]
[EventRounds "4"]
[EventCountry "CAN"]
[SourceTitle "EXT 2007"]
[Source "ChessBase"]
[SourceDate "2006.11.23"]
[SourceVersion "1"]
[SourceVersionDate "2006.11.23"]
[SourceQuality "1"]

1. c4 e5 2. g3 Nf6 3. Bg2 c6 4. d4 Be7 5. dxe5 Qa5+ 6. Nc3 Qxe5 7. Nf3 Qa5 8. a3 Na6 9. Bd2 Qc7 10. b4 b6 11. O-O O-O 12. Re1 Rd8 13. e4 c5 14. b5 d6 15. bxa6 Bxa6 16. Qa4 Bb7 17. Nd5 Nxd5 18. exd5 Bf6 19. Rab1 g6 20. Re2 Rd7 21. Bh3 Re7 22. Rbe1 Kg7 23. Rxe7 Bxe7 24. Bg5 Bc8 25. Rxe7 1-0

[Event "Winnipeg TNT June op"]
[Site "Winnipeg CAN"]
[Date "2005.06.21"]
[Round "3"]
[White "Zaczek, Jonathon"]
[Black "Schulz, Waldemar"]
[Result "1/2-1/2"]
[WhiteElo "1991"]
[BlackElo "2029"]
[PlyCount "44"]
[GameId "2160767910968048"]
[EventDate "2005.06.07"]
[EventType "swiss"]
[EventRounds "4"]
[EventCountry "CAN"]
[SourceTitle "EXT 2007"]
[Source "ChessBase"]
[SourceDate "2006.11.23"]
[SourceVersion "1"]
[SourceVersionDate "2006.11.23"]
[SourceQuality "1"]

1. e4 g6 2. d4 Bg7 3. Nc3 c6 4. f4 d5 5. Be3 dxe4 6. Nxe4 Nf6 7. Nxf6+ Bxf6 8. c3 Bf5 9. Nf3 Nd7 10. Ne5 Nxe5 11. fxe5 Bg7 12. Bc4 Qd7 13. O-O O-O 14. Qf3 Be6 15. Be2 c5 16. dxc5 Bxe5 17. Bh6 Rfd8 18. Qe3 Qc7 19. Bf4 Rd5 20. b4 Bxf4 21. Rxf4 Re5 22. Re4 Rxe4 1/2-1/2

[Event "Winnipeg TNT June op"]
[Site "Winnipeg CAN"]
[Date "2005.06.28"]
[Round "4"]
[White "Evans, Brian"]
[Black "Lauritson, Jim"]
[Result "0-1"]
[WhiteElo "1271"]
[BlackElo "1921"]
[PlyCount "40"]
[GameId "2160767910968049"]
[EventDate "2005.06.07"]
[EventType "swiss"]
[EventRounds "4"]
[EventCountry "CAN"]
[SourceTitle "EXT 2007"]
[Source "ChessBase"]
[SourceDate "2006.11.23"]
[SourceVersion "1"]
[SourceVersionDate "2006.11.23"]
[SourceQuality "1"]

1. e4 c5 2. Nf3 e6 3. d4 cxd4 4. Nxd4 Nf6 5. e5 Qa5+ 6. c3 Qxe5+ 7. Be2 d5 8. O-O Nc6 9. Re1 Qb8 10. Bb5 Bd7 11. Qa4 Qc7 12. Bxc6 bxc6 13. Nf3 Bd6 14. g3 O-O 15. Be3 e5 16. Nbd2 e4 17. Nh4 Ng4 18. Qc2 f5 19. f4 Nxe3 20. Rxe3 Bc5 0-1